[Event "CZE-chT2A 1920"]
[Site "Czech Republic"]
[Date "2020.06.28"]
[Round "11.7"]
[White "Flajsman, Pavel"]
[Black "Jelagin, Konstantin"]
[Result "1-0"]
[WhiteElo "2153"]
[BlackElo "1870"]
[PlyCount "89"]
[EventDate "2019.10.13"]
[EventType "team-tourn"]
[EventRounds "11"]
[EventCountry "CZE"]
[SourceTitle "EXT 2024"]
[Source "ChessBase"]
[SourceDate "2023.10.10"]
[SourceVersion "1"]
[SourceVersionDate "2023.10.10"]
[SourceQuality "1"]
[WhiteTeam "Klatovy"]
[BlackTeam "Pribram Banik"]
[WhiteTeamCountry "CZE"]
[BlackTeamCountry "CZE"]

1. Nf3 Nf6 2. c4 g6 3. d4 Bg7 4. g3 d6 5. Bg2 0-0 6. 0-0 Nbd7 7. Nc3 c6 8. e4 e5 9. h3 Re8 10. Re1 exd4 11. Nxd4 Nb6 12. b3 d5 13. exd5 Rxe1+ 14. Qxe1 cxd5 15. c5 Ne4 16. Nxe4 Bxd4 17. Bg5 f6 18. Nxf6+ Bxf6 19. Bxf6 Qxf6 20. cxb6 Be6 21. bxa7 Rxa7 22. a4 Ra8 23. Rd1 Rd8 24. Qb4 Qf7 25. Rd4 g5 26. Qd2 h6 27. h4 Qf5 28. hxg5 Qxg5 29. Qe2 Rd6 30. Bxd5 Bxd5 31. Rg4 Bc6 32. f4 Qxg4 33. Qxg4+ Kf7 34. Qh5+ Ke7 35. Kf2 Bd5 36. Qe5+ Kd7 37. f5 h5 38. Ke3 Bf7 39. Kf4 Rc6 40. Kg5 Rd6 41. Qb5+ Kc7 42. Qc5+ Kd7 43. a5 Rd5 44. Qf8 Be8 45. Qf6 1-0

[Event "CZE-chT2A 1819"]
[Site "Czech Republic"]
[Date "2019.03.17"]
[Round "10.7"]
[White "Ptak, Pavel"]
[Black "Jelagin, Konstantin"]
[Result "1-0"]
[WhiteElo "2124"]
[BlackElo "1878"]
[PlyCount "79"]
[EventDate "2018.10.14"]
[EventType "team-tourn"]
[EventRounds "11"]
[EventCountry "CZE"]
[SourceTitle "EXT 2022"]
[Source "ChessBase"]
[SourceDate "2021.10.06"]
[SourceVersion "1"]
[SourceVersionDate "2021.10.06"]
[SourceQuality "1"]
[WhiteTeam "Pisek"]
[BlackTeam "Pribram Banik"]
[WhiteTeamCountry "CZE"]
[BlackTeamCountry "CZE"]

1. g3 g6 2. Bg2 Nf6 3. d4 Bg7 4. e4 d6 5. Ne2 0-0 6. h3 Nbd7 7. Nbc3 e5 8. 0-0 c6 9. a4 Re8 10. Re1 a5 11. Be3 Rb8 12. d5 Nb6 13. b3 cxd5 14. exd5 Bd7 15. Nb5 Bxb5 16. axb5 Nbd7 17. g4 b6 18. Ng3 h6 19. Qd2 Kh7 20. Ra4 Ng8 21. Rc4 Rc8 22. Rc6 Ne7 23. Ne4 Nxc6 24. dxc6 Nf8 25. Nxd6 Qc7 26. Nxc8 Rxc8 27. Rd1 Bf6 28. Qd6 Qxd6 29. Rxd6 Bd8 30. Rd2 Bc7 31. Bd5 Kg7 32. c4 Rd8 33. Kf1 f5 34. f3 f4 35. Bf2 Ne6 36. Ke2 Ng5 37. c5 bxc5 38. Bxc5 Rb8 39. Bc4 Kf6 40. Rd7 1-0

[Event "CZE-chT2A 1819"]
[Site "Czech Republic"]
[Date "2019.01.13"]
[Round "6.8"]
[White "Vavra, Stanislav"]
[Black "Jelagin, Konstantin"]
[Result "1-0"]
[WhiteElo "1971"]
[BlackElo "1878"]
[PlyCount "101"]
[EventDate "2018.10.14"]
[EventType "team-tourn"]
[EventRounds "11"]
[EventCountry "CZE"]
[SourceTitle "EXT 2022"]
[Source "ChessBase"]
[SourceDate "2021.10.06"]
[SourceVersion "1"]
[SourceVersionDate "2021.10.06"]
[SourceQuality "1"]
[WhiteTeam "Vlasim"]
[BlackTeam "Pribram Banik"]
[WhiteTeamCountry "CZE"]
[BlackTeamCountry "CZE"]

1. e4 c5 2. Nf3 Nc6 3. d4 cxd4 4. Nxd4 Nf6 5. Nc3 e5 6. Ndb5 d6 7. f3 Be7 8. Be3 a6 9. Na3 Be6 10. Nc4 d5 11. exd5 Nxd5 12. Nxd5 Qxd5 13. Qxd5 Bxd5 14. Nb6 Rd8 15. Nxd5 Rxd5 16. Bc4 Rd7 17. Rd1 Rxd1+ 18. Kxd1 0-0 19. c3 Rc8 20. Bd3 Na5 21. Kc2 Nc6 22. Kb3 g6 23. Rd1 Kf8 24. Bb6 Bd8 25. Be3 Ke8 26. Be4 Na5+ 27. Kc2 Nc4 28. Bf2 a5 29. Bxb7 Rb8 30. Bc6+ Kf8 31. b3 Na3+ 32. Kd3 Be7 33. Ke4 Nb5 34. Bxb5 Rxb5 35. Rd5 f5+ 36. Kxe5 Bf6+ 37. Ke6 Rxd5 38. Kxd5 Bxc3 39. Kc4 Bd2 40. Kb5 Ke7 41. Bb6 g5 42. Bxa5 Bf4 43. h3 Ke6 44. Kc6 h5 45. Bb6 g4 46. hxg4 hxg4 47. fxg4 fxg4 48. a4 Kf5 49. a5 Bb8 50. a6 Kf4 51. Kb7 1-0